El Desarrollo de las ciencias sociales en América Latina: contribuciones a un balance /
A nivel internacional existe un consenso bastante amplio en torno al criterio según el cual la sociología pasa por una fase de crisis en la que se hace sentir la ausencia de modelos explicativos de carácter teórico eficaces y convincentes, lo que condiciona un escepticismo generalizado en las constr...
Kaydedildi:
| Yazar: | |
|---|---|
| Materyal Türü: | Bilinmiyor |
| Baskı/Yayın Bilgisi: |
Santo Domingo:
FLACSO. Secretaría General. UNESCO. CRESALC
|
| Konular: | |
| Etiketler: |
Etiketle
Etiket eklenmemiş, İlk siz ekleyin!
|
MARC
| LEADER | 00000 a2200000 04500 | ||
|---|---|---|---|
| 001 | 11731 | ||
| 003 | |||
| 008 | 991231s d | ||
| 040 | |||
| 090 | |a 140602 | ||
| 100 | |a Villena Fiego, Sergio | ||
| 245 | |a El Desarrollo de las ciencias sociales en América Latina: contribuciones a un balance / |c Sergio Villena Fiego | ||
| 260 | |a Santo Domingo: |b FLACSO. Secretaría General. UNESCO. CRESALC | ||
| 300 | |a 118 p. | ||
| 520 | |a A nivel internacional existe un consenso bastante amplio en torno al criterio según el cual la sociología pasa por una fase de crisis en la que se hace sentir la ausencia de modelos explicativos de carácter teórico eficaces y convincentes, lo que condiciona un escepticismo generalizado en las construcciones teóricas actuales. REV/SCM | ||
| 650 | |a CIENCIAS SOCIALES | ||
| 650 | |a SOCIOLOGIA | ||
| 650 | |a TRABAJADORES PROFESIONALES | ||
| 650 | |a SOCIOLOGOS | ||
| 999 | |c 9260 |d 9260 | ||
